| 000 | 00427cam a2200181ua 4500 | ||
|---|---|---|---|
| 020 | _c12.60 | ||
| 041 |
_aeng _h |
||
| 082 |
_a824 _bMIL/MI |
||
| 100 | _aMilton, John. | ||
| 245 |
_aMilton`s prose writings / _cMilton. _hTextual Documents |
||
| 250 |
_a1 / _b. |
||
| 260 |
_aLondon : _bJ M Dent and Sons Ltd , _c1961. |
||
| 300 | _a384 ; . | ||
| 365 | _a12.60 | ||
| 504 | _a | ||
| 942 | _cBK | ||
| 999 |
_c12120 _d12120 |
||